000 00385nam a2200145Ia 4500
008 210210b1986 xxu||||| |||| 00| 0 eng d
020 _a81 207 0019 8
082 _a954.03 MASI
100 _aMASSELOS (Jim).
245 _aIndian nationalism an history.
260 _aNew Delhi.
_bSterling Publishers Pvt Ltd.,
_c1986
300 _axi,294
690 _aIndian History
906 _a044321
999 _c93780
_d93780